| 000 | 00878nam a22002417a 4500 | ||
|---|---|---|---|
| 005 | 20230307074754.0 | ||
| 008 | 230307b |||||||| |||| 00| 0 eng d | ||
| 020 | _a978-1-78639-048-6 | ||
| 082 | _a790.07 R432 2017 | ||
| 245 |
_aResearch methods for leisure, recreation and tourism / _cedited by Ercan Sirakaya-Turk, Muzaffer S. Uysal, Jerry J. Vaske, William Hammitt. |
||
| 250 | _a2nd ed. | ||
| 260 |
_aOxfordfire, Oxford, _bCABI, _cc2017. |
||
| 300 |
_axxii, 385p.: _bill. |
||
| 504 | _aIncludes bibliographical references and index. | ||
| 541 | _e6931 | ||
| 650 |
_aRecreation _xResearch _vMethodology |
||
| 650 |
_aLeisure _xResearch _vMethodology |
||
| 650 |
_aTourism trends _xResearch _vMethodology |
||
| 700 |
_aTurk, Ercan Sirakaya, _eeditor. |
||
| 700 |
_aUysal, Muzaffer S., _eeditor |
||
| 700 |
_aHammitt, William, _eeditor. |
||
| 700 |
_aVaske, Jerry J., _eeditor. |
||
| 999 |
_c1627 _d1627 |
||